• 首页
  • 本馆介绍
  • 公告通知
  • 最新文献
  • 馆藏检索
  • 电子资源
  • 读者荐购
  • 参考咨询
  • CALIS
  • 我的图书馆
  • 登录
  • 详细信息显示
  • 放入我的书架
  • 预约/预借图书
  • 作者相关作品
  • 分类相关作品
  • 丛书相关作品
  • 出版社相关作品

书目信息

  • 表格格式
  • 工作单格式
  • 卡片格式
书名: No place like home
作者: Mary Higgins Clark
分册号:
分册名:
出版地: New York
 
出版社: Pocket Books
出版时间: 2006
页数: 472p
开本: 16cm
丛书名:
中图分类号:
科图分类号:
其他分类号: I712.4
主题词:
电子资源:
 
 
 
 
 
000 00410nam0 2200157 450
001 202012001407
005 20121125142833.0
008 12110901s
020    @a9781416521761@c$7.99
099    @dI712.4@eM3932
245 10 @aNo place like home @cMary Higgins Clark
260 0  @a New York@bPocket Books@c2006
300    @a472p@c16cm
905    @b12303
905    @b10643
905    @aTSG@dI712.4@eM3932
    
    No place like home / Mary Higgins Clark.- New York : Pocket Books , 2006
    472p ; 16cm
    
    
    ISBN 9781416521761$7.99
    
●
相关链接 在E读中查询图书 在当当中查询图书 在豆瓣中查询图书


正题名:No place like home     索取号:I712.4/M3932         预约/预借

序号 登录号 条形码 馆藏地/架位号 状态 备注
河南城建学院图书馆 欢迎您!
大连网信软件有限公司© 版权所有